<?xml version="1.0" encoding="UTF-8"?><?xml-stylesheet type="text/xsl" href="static/style.xsl"?><OAI-PMH xmlns="http://www.openarchives.org/OAI/2.0/" xmlns:xsi="http://www.w3.org/2001/XMLSchema-instance" xsi:schemaLocation="http://www.openarchives.org/OAI/2.0/ http://www.openarchives.org/OAI/2.0/OAI-PMH.xsd"><responseDate>2026-04-29T10:59:44Z</responseDate><request verb="GetRecord" identifier="oai:uvadoc.uva.es:10324/3831" metadataPrefix="marc">https://uvadoc.uva.es/oai/request</request><GetRecord><record><header><identifier>oai:uvadoc.uva.es:10324/3831</identifier><datestamp>2021-06-23T10:29:06Z</datestamp><setSpec>com_10324_1161</setSpec><setSpec>com_10324_931</setSpec><setSpec>com_10324_894</setSpec><setSpec>col_10324_1319</setSpec></header><metadata><record xmlns="http://www.loc.gov/MARC21/slim" xmlns:doc="http://www.lyncode.com/xoai" xmlns:xsi="http://www.w3.org/2001/XMLSchema-instance" xmlns:dcterms="http://purl.org/dc/terms/" xsi:schemaLocation="http://www.loc.gov/MARC21/slim http://www.loc.gov/standards/marcxml/schema/MARC21slim.xsd">
<leader>00925njm 22002777a 4500</leader>
<datafield tag="042" ind1=" " ind2=" ">
<subfield code="a">dc</subfield>
</datafield>
<datafield tag="720" ind1=" " ind2=" ">
<subfield code="a">Delgado Huertos, José Enrique</subfield>
<subfield code="e">author</subfield>
</datafield>
<datafield tag="260" ind1=" " ind2=" ">
<subfield code="c">2013</subfield>
</datafield>
<datafield tag="520" ind1=" " ind2=" ">
<subfield code="a">Se analiza en este estudio la procedencia de los estudiantes del campus universitario de Palencia, integrado en la Universidad de Valladolid, con el fin de establecer, en el marco del sistema universitario de Castilla y León, el ámbito de incidencia espacial del mismo y su capacidad de atraer estudiantes de otros territorios. La influencia, marcadamente regional, del campus no quita para que existan otras procedencias territoriales que se analizan con detalle tanto en el tiempo como en lo que se refiere a las titulaciones impartidas, para determinar cuáles de las titulaciones ofertadas tiene una influencia espacial más amplia y cuales de ellas son titulaciones de ámbito prácticamente provincial.</subfield>
</datafield>
<datafield tag="024" ind2=" " ind1="8">
<subfield code="a">Ovejero Bernal, Anastasio (coord.). El Campus de Palencia. Impacto socioeconómico y proyección social (1971-2012)</subfield>
</datafield>
<datafield tag="024" ind2=" " ind1="8">
<subfield code="a">978-84-8448-739-5</subfield>
</datafield>
<datafield tag="024" ind2=" " ind1="8">
<subfield code="a">http://uvadoc.uva.es/handle/10324/3831</subfield>
</datafield>
<datafield tag="024" ind2=" " ind1="8">
<subfield code="a">115</subfield>
</datafield>
<datafield tag="024" ind2=" " ind1="8">
<subfield code="a">141</subfield>
</datafield>
<datafield tag="024" ind2=" " ind1="8">
<subfield code="a">El Campus de Palencia. Impacto socioeconómico y proyección social (1971-2012)</subfield>
</datafield>
<datafield ind1=" " ind2=" " tag="653">
<subfield code="a">Universidad, Campus universitario, procedencia alumnado, Titulaciones</subfield>
</datafield>
<datafield ind1=" " ind2=" " tag="653">
<subfield code="a">Palencia</subfield>
</datafield>
<datafield tag="245" ind1="0" ind2="0">
<subfield code="a">Palencia, un campus universitario de ámbito regional. Estudio de la procedencia del alumnado entre 1994 y 2012</subfield>
</datafield>
</record></metadata></record></GetRecord></OAI-PMH>